Great Power Competition in the Southern Oceans (Record no. 3201)
[ view plain ]
| 000 -LEADER | |
|---|---|
| fixed length control field | 03566nam a22003855i 4500 |
| 007 - PHYSICAL DESCRIPTION FIXED FIELD--GENERAL INFORMATION | |
| fixed length control field | cr nn 008mamaa |
| 008 - FIXED-LENGTH DATA ELEMENTS--GENERAL INFORMATION | |
| fixed length control field | 230713s2023 sz | s |||| 0|eng d |
| 020 ## - INTERNATIONAL STANDARD BOOK NUMBER | |
| International Standard Book Number | 9783031364761 |
| -- | 978-3-031-36476-1 |
| 040 ## - CATALOGING SOURCE | |
| Original cataloging agency | IMU Kochi Library |
| Language of cataloging | eng |
| 041 0# - LANGUAGE CODE | |
| Language code of text/sound track or separate title | eng |
| 082 04 - DEWEY DECIMAL CLASSIFICATION NUMBER | |
| Classification number | 327.101 |
| Edition number | 23 |
| 100 1# - MAIN ENTRY--PERSONAL NAME | |
| Personal name | González Levaggi, Ariel. |
| 245 10 - TITLE STATEMENT | |
| Title | Great Power Competition in the Southern Oceans |
| Medium | [electronic resource] : |
| Sub Title | From the Indo-Pacific to the South Atlantic / |
| 250 ## - EDITION STATEMENT | |
| Edition statement | 1st ed. 2023. |
| 300 ## - PHYSICAL DESCRIPTION | |
| Extent | XVII, 269 p. 3 illus., 2 illus. in color. |
| Other physical details | online resource. |
| 490 1# - SERIES STATEMENT | |
| Series statement | Palgrave Studies in Maritime Politics and Security, |
| 505 0# - FORMATTED CONTENTS NOTE | |
| Formatted contents note | Chapter 1: Between threats and capabilities: maritime strategies in the era of great power competition -- Part 1: Maritime Strategies of Great Powers in the 21st Century -- Chapter 2: United States: naval hegemony faces the Eurasian challenge -- Chapter 3: People's Republic of China: the 'blue' dream of a maritime challenger -- Chapter 4: Russia's maritime strategy: between naval modernization and power projection -- Chapter 5: Republic of India: a democratic power with maritime aspirations -- Part 2: Naval Competition in the Oceans of the Global South -- Chapter 6: Indo-Pacific: clash of the titans -- Chapter 7: The South Atlantic and the global strategic competition. |
| 520 ## - SUMMARY, ETC. | |
| Summary, etc | Great power competition is the watermark of the current global scenario. In this regard, the maritime and naval dimension have a particular relevance on the struggle for regional and global hegemony. This book has the potential to engage with multiple audiences, since develops an analytic approach to understand naval great power competition in the maritime spaces of the Global South. It is set within a neoclassical realism approach, while engaging literature from international relations, international security, and studies on the Indo-Pacific and the South Atlantic security dynamics. The book offers a unique conceptual framework to understand how great powers select their maritime strategies, presents a series of regional and global maritime strategies by the United States, China, Russia and India, while assess their impact in the Southern Oceans, focusing in the Indo-Pacific realm and the South Atlantic. Dr. Ariel González Levaggi is Associate Professor at the Department of Political Sciences and International Relations of the Faculty of Social Sciences, Pontifical Catholic University of Argentina. He is also Senior Researcher at the Center for Research and Strategic Studies of the Argentine Navy, Associate Researcher of the regional think tank CRIES, Co-Chair of the Section 'Asia and the Americas' at the Latin American Studies Association (LASA) and Senior Associate (Non- Resident) at the Americas Program of the Center for Strategic and International Studies (CSIS). . |
| 650 #0 - SUBJECT ADDED ENTRY--TOPICAL TERM | |
| Topical term or geographic name as entry element | International relations. |
| 650 #0 - SUBJECT ADDED ENTRY--TOPICAL TERM | |
| Topical term or geographic name as entry element | Security, International. |
| 650 14 - SUBJECT ADDED ENTRY--TOPICAL TERM | |
| Topical term or geographic name as entry element | International Relations Theory. |
| 650 24 - SUBJECT ADDED ENTRY--TOPICAL TERM | |
| Topical term or geographic name as entry element | International Security Studies. |
| 830 #0 - SERIES ADDED ENTRY--UNIFORM TITLE | |
| Uniform title | Palgrave Studies in Maritime Politics and Security, |
| 852 ## - LOCATION/CALL NUMBER | |
| Location | IMU Kochi Library |
| 856 40 - ELECTRONIC LOCATION AND ACCESS | |
| Uniform Resource Identifier | <a href="https://doi.org/10.1007/978-3-031-36476-1">https://doi.org/10.1007/978-3-031-36476-1</a> |
| 904 ## - LOCAL DATA ELEMENT D, LDD (RLIN) | |
| CATALOGER | Rudra Ranjan |
| 905 ## - LOCAL DATA ELEMENT E, LDE (RLIN) | |
| VERIFIER | Rudra Ranjan |
| 942 ## - ADDED ENTRY ELEMENTS (KOHA) | |
| Item type | E-Book |
| 264 #1 - | |
| -- | Cham : |
| -- | Springer Nature Switzerland : |
| -- | Imprint: Palgrave Macmillan, |
| -- | 2023. |
| 338 ## - | |
| -- | online resource |
| 830 #0 - SERIES ADDED ENTRY--UNIFORM TITLE | |
| -- | 2730-7980 |
No items available.